| 000 | 006080000a22001930004500 | ||
|---|---|---|---|
| 020 | _a0-87784-969-2 | ||
| 041 | 0 | _aENG | |
| 082 | 0 | 4 | _aG 238.1 B8271c |
| 100 | 1 | _aBray, Gerald | |
| 245 | 1 | 0 | _aCreeds, councils and Christ / Gerald Bray |
| 260 | _aLicester, England : InterVarsity | ||
| 300 | _a224 Pag | ||
| 650 | 1 | 4 | _aTEOLOGIA DOGMATICA - HISTORIA - PERIODO PRIMITIVO, 30-600 \ CREDOS - HISTORIA Y CRITICA \ IGLESIA - HISTORIA - PERIODO PRIMITIVO, 30-600 |
| 001 | 4743 | ||
| 942 | _cBK | ||
| 999 |
_c35302 _d35302 |
||
| 336 |
_atexto _btxt _2rdacontent |
||
| 337 |
_2rdamedia _asin mediación _bn |
||
| 338 |
_2rdacarrier _avolumen _bnc |
||